000 00423nam a2200181Ia 4500
001 18855
005 20260306171701.0
008 260306s9999||||xx |||||||||||||| ||und||
041 _aESP
082 _a658.5
_bV933
100 _aVega Maza, Ignacio
_eAUT
245 0 _aProcesos productivos
260 _c2012
300 _axiii, 385 páginas :
_c24 cm.
650 _aGEN
654 _aCAN
942 _cLIB
_dJUS
_fJUS
_2ddc
_n
999 _c18855
_d18855